| 000 | 01212nam0a22002771 4500 | ||
|---|---|---|---|
| 001 | rc\3167919 | ||
| 005 | 20250530085937.0 | ||
| 021 |
_aRU _b[76-56333ж] |
||
| 035 | _a(NLR Aleph) 007327817 | ||
| 090 |
_a5977773 _c5977773 |
||
| 100 | _a20120615d1976 |||y0rusy50 ca | ||
| 101 | 0 | _arus | |
| 102 | _aRU | ||
| 105 | _ay z ||||| | ||
| 200 | 1 |
_aПовышение эффективности сельскохозяйственного производства _e[Сборник статей _fРед. коллегия: С.С. Легкоступ (науч. ред.) и др.] |
|
| 210 |
_aКраснодар _cКСХИ _d1976 |
||
| 215 |
_a108 с. _d20 |
||
| 225 | 1 |
_aКубанский сельскохозяйственный институт. Труды _vВып. 133 (161) |
|
| 320 | _aСписок лит.: с. 77 (8 назв.) | ||
| 606 |
_aЭкономическая эффективность сельскохозяйственного производства _yКраснодарский край _2psbo |
||
| 702 | 1 |
_aЛегкоступ _bС.С. _gСергей Серафимович _4340 |
|
| 801 | 0 |
_aRU _bNLR _gpsbo |
|
| 801 | 1 |
_aRU _bELAR _2rusmarc |
|
| 852 |
_aNLR _jП14/357 |
||
| 942 | _cBOOK | ||
| 980 | _aNB | ||